02567nam a2200373 u 4500001000800000005001700008007001000025008004100035035001200076040001300088041000800101082000800109100005200117245023400169260006100403300001300464520080000477541008001277650004401357650005901401650005801460700005101518700004901569700004401618700005301662700005601715700005001771942001001821999001901831502001001850526000701860952016801867952015802035123681920260508070647.0co|||||||110328s2011 mul  a1236819 ccomduadb amul 4a39410aCuero Castillo, Daisy Eufemia4auteaut961704313aLa danza tradicional de la mangleria como herramienta pedagogica en la resignificacion de valores culturales en niños y niñas del grado sexto de la Institucion Educativa Iberia del municipio de San Andres de Tumaco - Nariño aSan Juan de Pasto (Nariño) :b[sin publicador],c2011. a1 CD-ROM3 aLa danza tradicional de la Manglería como herramienta pedagógica en la resignificación de valores culturales de los niños y niñas del grado 6o de la I.E. IBERIA, del municipio de San Andrés de Tumaco -Nariño-; es un ejercicio investigativo, en donde se resalta y destaca la importancia que tiene esta manifestación cultural en el imaginario de las poblaciones afrodescendientes que habitan en el Pacífico Sur Colombiano; con lo cual han logrado construir un estilo de vida propio. El proyecto recoge vivencias del ecosistema del manglar y los incorpora en el proceso educativo de los niñ@s, con elementos propios de la región, innovador y llamativo; construyéndose en un puente para el fortalecimiento de la identidad cultural, y la formación integral de los educandos. aProyecto Profesionalizacion en Artes "Colombia Creativa" San Juan de Pasto. aDanzas tradicionales - Nariño9191472 7aDanzas populares y nacionales colombianas2lemb940982 aNariño (Colombia) - Vida social y costumbres94298910aCastillo Cortes, Jose Carlos4auteaut961522110aCortes Tenorio, Luz Marina4auteaut961704410aNogales Mesias, Ramon4auteaut961522210aParra Díaz, Aníbal Ignacio4thseths932099710aVillegas Hincapié, Lina María4thseths931444610aViana Cisneros, Luis Felipe4thseths9600597 cTESIS c573581d573581 b32c7 a32 001040708TESDIGBCaBCbBCd2011-03-29eMaterial adquirido por donacióniC1113106l0o394.319 C965 CD-ROMp0751781r2023-05-01 00:00:00t1w2023-05-01yDIGITAL 001040708GENERALaCEDEAbCEDEAd2011-03-29iC1113173l1oTRA/LIED0033 2011 CD-ROM e2p0780486r2024-09-10 00:00:00s2024-09-10t2w2023-05-01yDIGITAL